000 00557nam a22001817a 4500
008 230428b ||||| |||| 00| 0 eng d
020 _a9780750627207
050 _aRC967
_b.O27 1997
245 _aOccupational health practice /
_cedited by H.A. Waldron and C. Edling.
250 _a4th ed.
260 _aBoston :
_bButterworths/ Heinemann;
_cc1997
300 _axiv, 319 p. :
_bill. ;
_c24 cm.
505 _aIncludes bibliographies and index.
650 _aIndustrial hygiene.
700 _aEdling, C.
700 _aWaldron, H. A.
942 _2lcc
_cBK
999 _c58679
_d58679